Vichara sahitya 2006 (Record no. 142537)

MARC details
000 -LEADER
fixed length control field 00885nam a2200301Ia 4500
003 - CONTROL NUMBER IDENTIFIER
control field OSt
005 - DATE AND TIME OF LATEST TRANSACTION
control field 20250808122227.0
008 - FIXED-LENGTH DATA ELEMENTS--GENERAL INFORMATION
fixed length control field 210210b2007 xxu||||| |||| 00| 0 eng d
040 ## - CATALOGING SOURCE
Transcribing agency AL
041 ## - LANGUAGE CODE
Language code of text/sound track or separate title Kannada
082 ## - DEWEY DECIMAL CLASSIFICATION NUMBER
Classification number K894.4 KARV
100 ## - MAIN ENTRY--PERSONAL NAME
Personal name KARNATAKA SAHITYA AKADEMI
Dates associated with a name ಕರ್ನಾಟಕ ಸಾಹಿತ್ಯ ಅಕಾಡೆಮಿ
9 (RLIN) 234668
245 ## - TITLE STATEMENT
Title Vichara sahitya 2006
Remainder of title ವಿಚಾರ ಸಾಹಿತ್ಯ
260 ## - PUBLICATION, DISTRIBUTION, ETC.
Place of publication, distribution, etc. Bengaluru
Name of publisher, distributor, etc. Karnataka Sahitya Akademi
Date of publication, distribution, etc. 2007
300 ## - PHYSICAL DESCRIPTION
Extent x,342
650 ## - SUBJECT ADDED ENTRY--TOPICAL TERM
Topical term or geographic name entry element Vichara
9 (RLIN) 234669
650 ## - SUBJECT ADDED ENTRY--TOPICAL TERM
Topical term or geographic name entry element Ti
9 (RLIN) 234670
650 ## - SUBJECT ADDED ENTRY--TOPICAL TERM
Topical term or geographic name entry element sahitya
9 (RLIN) 234671
650 ## - SUBJECT ADDED ENTRY--TOPICAL TERM
Topical term or geographic name entry element Pote
9 (RLIN) 234672
650 ## - SUBJECT ADDED ENTRY--TOPICAL TERM
Topical term or geographic name entry element Ed
9 (RLIN) 234673
650 ## - SUBJECT ADDED ENTRY--TOPICAL TERM
Topical term or geographic name entry element Ech
9 (RLIN) 234674
650 ## - SUBJECT ADDED ENTRY--TOPICAL TERM
Topical term or geographic name entry element By
9 (RLIN) 234675
650 ## - SUBJECT ADDED ENTRY--TOPICAL TERM
Topical term or geographic name entry element 2006
9 (RLIN) 234676
690 ## - LOCAL SUBJECT ADDED ENTRY--TOPICAL TERM (OCLC, RLIN)
Topical term or geographic name as entry element Kannada Prose
9 (RLIN) 234677
700 ## - ADDED ENTRY--PERSONAL NAME
Personal name H T Pote
Dates associated with a name ಎಚ್ ಟಿ ಪೋತೆ ed
9 (RLIN) 234678
906 ## - LOCAL DATA ELEMENT F, LDF (RLIN)
a 065370
942 ## - ADDED ENTRY ELEMENTS (KOHA)
Source of classification or shelving scheme Dewey Decimal Classification
Koha item type Book
Holdings
Withdrawn status Lost status Source of classification or shelving scheme Damaged status Not for loan Collection code Home library Current library Shelving location Date acquired Source of acquisition Cost, normal purchase price Total Checkouts Full call number Barcode Date last seen Price effective from Koha item type
    Dewey Decimal Classification     Kannada St Aloysius Library St Aloysius Library   02/17/2021 Karnataka Sahitya Akademi, Bengaluru 90.00   K894.4 KARV 065370 02/17/2021 02/17/2021 Book